Представление документа в формате RUSMARC

ПолеНазваниеЗначение
  Тип записи a
  Библиографический уровень a
001 Контрольный номер RU/CBS_UL/BASE/574024150
005 Дата корректировки 20240209175222.4
100 Данные общей обработки __
a Данные общей обработки 20180310d2018 ||| 0rusy0189 ca
101 Язык документа 0_
a Язык текста rus
102 Страна публикации __
a Страна публикации RU
105 Кодированные данные (монография) __
a Кодированные данные (монография) y###||||000|y
200 Заглавие и сведения об ответственности 1_
a Заглавие "С чая лиха не бывает"
b Общее обозначение материала Текст
e Сведения, относящиеся к заглавию [история чая]
f Первые сведения об ответственности В. Эрлихман
300 Общие примечания __
a Общие примечания Ограничения по возрасту - 16+
461 Уровень набора _0
1 2000
a Гала Биография
463 Уровень физической единицы _0
1 001RU/CBS_UL/BASE/573504295
1 2000
a № 1
v С. 88-92 : цв. ил.
1 210
d 2018
600 Персоналии _0
a Персоналии (Фамилия) Грей
b Персоналии (Имя, инициалы) Ч.
600 Персоналии _0
a Персоналии (Фамилия) Салливан
b Персоналии (Имя, инициалы) Т.
606 Тематические рубрики 0_
a Основная рубрика История вещей - Чай
y Географическая подрубрика Китай
y Географическая подрубрика Грузия
610 Ключевые слова 0_
a Ключевые слова история вещей
a Ключевые слова чай
a Ключевые слова напитки
a Ключевые слова чаепитие английское
a Ключевые слова церемонии чайные
a Ключевые слова чайные церемонии
a Ключевые слова чайные плантации
a Ключевые слова плантации чайные
a Ключевые слова чайные пакетики
a Ключевые слова пакетики чайные
686 Индексы других классификаций __
a Классификационный индекс 36.98
2 Код системы ББК
700 Автор _1
a Фамилия Эрлихман
b Имя (инициалы) В.
801 Источник записи _0
a Страна RU
b Организация МБУК ЦБС г. Ульяновска
c Дата составления 20180310
g Правила каталогизации RCR
801 Источник записи _1
a Страна RU
b Организация МБУК ЦБС г. Ульяновска
c Дата составления 20180310
g Правила каталогизации RCR
901 Тип документа __
t Тип документа b
w Контрольный № источника RU/CBS_UL/BASE/573504295
910 Корректоры записи __
a Корректор записи Библиотека 1
938 Служебная информация __
a Имя БД period